00773nam a2200241 a 4500001001300000003000900013005001700022008004100039020002300080082001800103100002300121245007700144260005200221300000900273500003500282505001500317650001500332700002300347902000800370942000700378952013100385999001500516nice12345678IN_TiNIC20260116012738.0050524s1989 bera grp 000 0 eng  a0520724 c13200a297.2046bFRI aFriedmann, Yohanan aProphecy Continuousb Study of Ahmadi Religious Thought and Its Medieval aBerkeleybUniversity of California Press c1989 a218p aincludes index and biblioraphy2 aAppendices aAhmadiyyah1 aFriedmann, Yohanan bSRS cBK 001040708StackRoom-aHMIbHMId2007-07-11g132.00l1o297.2046 FRIp014744r2017-12-11s2017-11-24v132.00w2005-05-24yBK c8203d8203